00245nam a2200109Ia 4500008004100000082001100041100002000052245003000072250000900102260001600111650000800127221030s9999 xx 000 0 und d a105.23 aPranav Gupta/97 0aCustomer Support System a2005 aJammuc2005 aMCA